Loading...
| Literature - World/Other | 0 | 6 | 0 | 1 | 60 | 65 | 113.00 | 0 | 2 | 11.45 | 24.52 |
| Science - Physics | 0 | 5 | 0 | 0 | 50 | 60 | 78.20 | 0 | 1 | 17.92 | 22.53 |
| Science - Other | 0 | 5 | 1 | 0 | 45 | 59 | 83.60 | 1 | 2 | 13.26 | 22.53 |
| Literature - American | 0 | 4 | 0 | 2 | 40 | 84 | 126.50 | 1 | 1 | 4.46 | 13.94 |
| Literature - European | 0 | 3 | 1 | 0 | 25 | 88 | 115.33 | 0 | 0 | 4.44 | 10.18 |
| Social Science | 0 | 2 | 0 | 1 | 20 | 94 | 101.00 | 0 | 0 | 1.59 | 5.05 |
| Fine Arts - Other | 0 | 2 | 0 | 1 | 20 | 81 | 101.50 | 0 | 0 | 4.28 | 6.28 |
| Philosophy | 0 | 1 | 0 | 0 | 10 | 98 | 98.00 | 0 | 0 | 2.02 | 3.41 |
| History - American | 0 | 1 | 0 | 1 | 10 | 129 | 129.00 | 0 | 0 | 0.00 | 1.14 |
| Religion | 0 | 1 | 0 | 1 | 10 | 129 | 129.00 | 0 | 0 | 0.00 | 1.65 |
| Literature - British | 0 | 1 | 0 | 1 | 10 | 132 | 132.00 | 0 | 0 | 0.00 | 1.01 |
| Fine Arts - Classical Music | 0 | 1 | 1 | 0 | 5 | 100 | 100.00 | 0 | 1 | 2.36 | 7.95 |
| History - Other | 0 | 1 | 1 | 0 | 5 | 99 | 99.00 | 0 | 0 | 1.65 | 3.41 |
| Science - Chemistry | 0 | 1 | 1 | 0 | 5 | 45 | 45.00 | 0 | 1 | 5.71 | 8.18 |
| Fine Arts - Visual | 0 | 1 | 1 | 1 | 5 | 130 | 130.00 | 0 | 0 | 0.00 | 2.27 |